[Event "Sachsen-Anhalt-ch Masters"]
[Site "Magdeburg"]
[Date "2022.10.29"]
[Round "2"]
[White "Heise, Juergen"]
[Black "Polzin, Gustav"]
[Result "0-1"]
[WhiteElo "2011"]
[BlackElo "1784"]
[PlyCount "84"]
[EventDate "2022.10.29"]
[EventType "swiss"]
[EventRounds "7"]
[EventCountry "GER"]
[SourceTitle "CBM 211 Extra"]
[Source "ChessBase"]
[SourceDate "2023.01.31"]
[SourceVersion "1"]
[SourceVersionDate "2023.01.31"]
[SourceQuality "1"]

1. f4 c5 2. Nf3 Nc6 3. b3 Nf6 4. Bb2 e6 5. e3 b6 6. Be2 Bb7 7. 0-0 Be7 8. Qe1 0-0 9. Qg3 d5 10. d3 Ne8 11. Nbd2 Bf6 12. Ne5 Nd6 13. Ndf3 Nb4 14. Bd1 Nf5 15. Qf2 Be7 16. a3 Na6 17. Nd2 f6 18. Nef3 Qd7 19. g4 Nd6 20. Be2 Rac8 21. Rad1 b5 22. Rfe1 Qc7 23. c4 bxc4 24. dxc4 dxc4 25. bxc4 Rb8 26. Bc3 Qc6 27. Bd3 Qa4 28. Qh4 g6 29. Ra1 Bxf3 30. Nxf3 Nxc4 31. Re2 Qb3 32. Rc1 Nc7 33. Qh6 Rf7 34. Nd2 Nxd2 35. Rxd2 Qxa3 36. Rdc2 Nd5 37. Bc4 Bf8 38. Qh3 Qa4 39. Ba1 Rb1 40. Qf1 Nxe3 41. Rc3 Nxf1 42. Rxb1 Nd2 0-1

[Event "Sachsen-Anhalt-ch Masters"]
[Site "Magdeburg"]
[Date "2022.10.29"]
[Round "1"]
[White "Niering, Martin"]
[Black "Heise, Juergen"]
[Result "1-0"]
[WhiteElo "2147"]
[BlackElo "2011"]
[PlyCount "71"]
[EventDate "2022.10.29"]
[EventType "swiss"]
[EventRounds "7"]
[EventCountry "GER"]
[SourceTitle "CBM 211 Extra"]
[Source "ChessBase"]
[SourceDate "2023.01.31"]
[SourceVersion "1"]
[SourceVersionDate "2023.01.31"]
[SourceQuality "1"]

1. e4 c5 2. c3 d5 3. exd5 Qxd5 4. Na3 Nf6 5. Nf3 Bg4 6. Be2 Nc6 7. 0-0 e6 8. d3 Be7 9. Nc4 Bh5 10. Qb3 b6 11. Bf4 0-0 12. h3 Rad8 13. Rad1 Ne8 14. Qa4 Bg6 15. Bh2 Qd7 16. Qb3 f6 17. d4 Qc8 18. dxc5 Bxc5 19. Rxd8 Nxd8 20. Qa4 Nc6 21. b4 Be7 22. Nfd2 Qd7 23. Bf3 Ne5 24. Qxd7 Nxd7 25. Bc6 Ne5 26. Bxe5 fxe5 27. Nxe5 Bf6 28. Nxg6 hxg6 29. Ne4 Be5 30. c4 Nd6 31. Ng5 Nxc4 32. Nxe6 Rc8 33. Bd5 Kh7 34. Ng5+ Kh6 35. Nf7+ Kh7 36. Rc1 1-0

[Event "Sachsen-Anhalt 30 Years op"]
[Site "Magdeburg"]
[Date "2020.10.22"]
[Round "2.14"]
[White "Heise, Juergen"]
[Black "Kalliwoda, Enrico"]
[Result "0-1"]
[WhiteElo "1981"]
[BlackElo "1728"]
[PlyCount "82"]
[EventDate "2020.10.22"]
[EventType "swiss"]
[EventRounds "7"]
[EventCountry "GER"]
[SourceTitle "EXT 2022"]
[Source "ChessBase"]
[SourceDate "2021.10.06"]
[SourceVersion "1"]
[SourceVersionDate "2021.10.06"]
[SourceQuality "1"]

1. f4 d5 2. c4 d4 3. e4 dxe3 4. d4 Nf6 5. Be2 c5 6. d5 e6 7. Nc3 exd5 8. cxd5 Bd6 9. Bxe3 0-0 10. Qd2 Re8 11. 0-0-0 Bf5 12. Bd3 Bxd3 13. Qxd3 Ng4 14. Bd2 Nf2 15. Qf3 Nxh1 16. Nh3 a6 17. Rxh1 b5 18. Ng5 Nd7 19. Qh5 Nf6 20. Qxf7+ Kh8 21. Ne6 Qe7 22. Qxe7 Rxe7 23. Re1 Rae8 24. f5 h6 25. h3 Rd7 26. Rd1 b4 27. Na4 Nxd5 28. Be1 Ne3 29. Naxc5 Nxd1 30. Nxd7 Ne3 31. g4 Rc8+ 32. Kb1 Nd5 33. Bd2 Nc7 34. Ndc5 Nxe6 35. Nxe6 Kh7 36. Be3 Re8 37. Bd4 g6 38. fxg6+ Kxg6 39. Nc5 Bxc5 40. Bxc5 Re4 41. Kc2 Rc4+ 0-1

[Event "GER-chA Seniors 27th"]
[Site "Magdeburg"]
[Date "2015.08.19"]
[Round "5"]
[White "Heise, Juergen"]
[Black "Aigner, Georg"]
[Result "0-1"]
[WhiteElo "2019"]
[BlackElo "1891"]
[PlyCount "54"]
[EventDate "2015.08.15"]
[EventType "swiss"]
[EventRounds "9"]
[EventCountry "GER"]
[SourceTitle "EXT 2018"]
[Source "ChessBase"]
[SourceDate "2017.10.13"]
[SourceVersion "1"]
[SourceVersionDate "2017.10.13"]
[SourceQuality "1"]

1. f4 g6 2. Nf3 Bg7 3. e3 d6 4. d4 Nf6 5. Bd3 0-0 6. 0-0 c5 7. c3 Nc6 8. Qe1 e5 9. Bb5 exd4 10. cxd4 Qb6 11. Nc3 cxd4 12. Bxc6 dxc3 13. Bxb7 cxb2 14. Rb1 Bxb7 15. Bxb2 Qc7 16. Qh4 Bxf3 17. Rxf3 Rab8 18. Rc1 Qd8 19. Bd4 Ne4 20. Qg4 Bxd4 21. exd4 f5 22. Qh3 Rf7 23. g4 Qf6 24. Rd1 Rfb7 25. g5 Qf7 26. Qf1 Qxa2 27. Qe1 Rb2 0-1

[Event "GER-chA Seniors 27th"]
[Site "Magdeburg"]
[Date "2015.08.18"]
[Round "4"]
[White "Schmidt, Gerhard"]
[Black "Heise, Juergen"]
[Result "1-0"]
[WhiteElo "2216"]
[BlackElo "2019"]
[PlyCount "71"]
[EventDate "2015.08.15"]
[EventType "swiss"]
[EventRounds "9"]
[EventCountry "GER"]
[SourceTitle "EXT 2018"]
[Source "ChessBase"]
[SourceDate "2017.10.13"]
[SourceVersion "1"]
[SourceVersionDate "2017.10.13"]
[SourceQuality "1"]

1. d4 Nf6 2. Nf3 g6 3. c4 Bg7 4. Nc3 0-0 5. Bg5 d6 6. h3 c6 7. e3 Nbd7 8. Be2 Qc7 9. 0-0 e5 10. Rc1 Re8 11. b4 Nf8 12. Bh4 Bf5 13. g4 Bc8 14. Bg3 N6d7 15. c5 dxc5 16. bxc5 f5 17. Bc4+ Kh8 18. Ng5 h6 19. Nf7+ Kh7 20. Nd6 Qd8 21. gxf5 exd4 22. exd4 Re7 23. fxg6+ Nxg6 24. Nf5 Nf6 25. Qf3 Bxf5 26. Qxf5 Qd7 27. Bd3 Qxf5 28. Bxf5 Ne8 29. Rfe1 Rxe1+ 30. Rxe1 Bxd4 31. Re7+ Ng7 32. Ne2 Bxc5 33. Rxb7 Rf8 34. Bc2 Rf3 35. Be5 Bf8 36. Nf4 1-0